Normal view
MARC view
Entry Personal Name
001 - CONTROL NUMBER
- control field: 29948
003 - CONTROL NUMBER IDENTIFIER
- control field: ARRUPE
005 - DATE AND TIME OF LATEST TRANSACTION
- control field: 20170427153732.0
008 - FIXED-LENGTH DATA ELEMENTS
- fixed length control field: 170427|| aca||aabn | a|a d
040 ## - CATALOGING SOURCE
- Original cataloging agency: ARRUPE
- Transcribing agency: ARRUPE
100 ## - HEADING--PERSONAL NAME
- Personal name: Martin, David
670 ## - SOURCE DATA FOUND
- Source citation: Work cat.: (ARRUPE)25977: Martin, David, The Struggle for Zimbabwe, 1981